Welterbe in Deutschland (Sudden Death) - Statistiken

Allgemein
  • Dieses Quiz wurde 237 mal gespielt
  • Das Durchschnittsergebnis liegt bei 5 aus 21
Answers on the Grid
Answers color-coded by a green-red scale on the quiz's grid according to % correct below.
Zugspitze
Klassisches Weimar
Schwarzwald
Altstadt von Lübeck
Bremer Roland
Rothenburg ob der Tauber
Speicherstadt Hamburg
Olympiapark München
Kölner Dom
Herrnhuter Brüdergemeine
Grube Messel
Magdeburger Dom
Herrenhäuser Gärten
Zeche Zollverein
Naumburger Dom
Sächsische Schweiz
Niedersächsisches Wattenmeer
Schloss Nymphenburg
Völklinger Hütte
Stätten des Bauhaus
Kaiserburg Nürnberg
Faguswerk Alfeld
Bergpark Wilhelmshöhe
Schloss Augustusburg
Goethehaus Frankfurt am Main
Wartburg Eisenach
Veste Coburg
Hufeisensiedlung Berlin
Residenzensemble Schwerin
Porta Nigra Trier
Schloss Sanssouci
Museumsinsel Berlin
 
Antwortstatistiken
Antwort % Korrekt
Kölner Dom
53%
Speicherstadt Hamburg
41%
Klassisches Weimar
39%
Altstadt von Lübeck
34%
Porta Nigra Trier
33%
Schloss Sanssouci
28%
Zeche Zollverein
26%
Niedersächsisches Wattenmeer
24%
Völklinger Hütte
24%
Wartburg Eisenach
24%
Museumsinsel Berlin
21%
Grube Messel
19%
Bremer Roland
16%
Naumburger Dom
14%
Stätten des Bauhaus
12%
Bergpark Wilhelmshöhe
11%
Residenzensemble Schwerin
9%
Herrnhuter Brüdergemeine
8%
Faguswerk Alfeld
7%
Hufeisensiedlung Berlin
7%
Schloss Augustusburg
5%
Keine übereinstimmenden Quizze gefunden
Verteilung der Resultate
Anzahl Personen mit jedem Resultat
Perzentil nach korrekt beantworteten Fragen
Ihre Resultats-Entwicklung
Sie haben dieses Quiz noch nicht gespielt